| 000 | 00384nam a22001457a 4500 | ||
|---|---|---|---|
| 999 |
_c1372 _d1372 |
||
| 008 | 200123b ||||| |||| 00| 0 eng d | ||
| 082 | 0 | 0 |
_a515 _bR8781 |
| 100 |
_9976 _aRowe, Charles Elmer. |
||
| 245 | 1 | 0 |
_aEngineering descriptive geometry _cby Charles Elmer Rowe |
| 260 |
_aToronto _bVan Nostrand _c1952 |
||
| 300 | _avii,299p. | ||
| 365 | _d15.12 | ||
| 650 | 0 | _aGeometry | |
| 942 | _cBK | ||